Ulice w Gdańsku zaczynające się na I - Statystyki

Ogólne statystyki
  • Ten quiz został rozwiązany 9 razy
  • Średni wynik to 4 z 12
Statystyki odpowiedzi
Odpowiedź % Poprawnych
Inżynierska
80%
Irysowa
80%
Instalatorów
60%
Iławska
40%
Internetowa
40%
I Brygady
20%
II Brygady
20%
Ikara
20%
Inspektorska
20%
Igielnicka
0%
Iłowa
0%
Izydy
0%
Nie znaleziono quizów pasujących do podanych kryteriów
Rozkład punktacji
Procent ludzi z każdym wynikiem
Percentyl według liczby udzielonych odpowiedzi
Twoja historia wyników
Nie rozwiązałeś tego quizu